LEADER 00796nam0-22002891i-450- 001 990001008520403321 035 $a000100852 035 $aFED01000100852 035 $a(Aleph)000100852FED01 035 $a000100852 100 $a20000920d1967----km-y0itay50------ba 101 0 $aeng 200 1 $aIntermolecular Forces$fEdited by Joseph O.Hirschfelder 210 $aNew York$cInterscience$d1967 225 1 $aAdvances in chemical physics$v12 610 0 $aFisica molecolare 676 $a539.6 700 1$aHirschfelder,$bJoseph O.$017710 801 0$aIT$bUNINA$gRICA$2UNIMARC 901 $aBK 912 $a990001008520403321 952 $a32F-016$b14869$fFI1 952 $a32F-016.001$b$fFI1 959 $aFI1 996 $aIntermolecular Forces$9354800 997 $aUNINA DB $aING01 LEADER 00984nas 22003493 450 001 9910892267503321 005 20260218110057.0 011 $a2641-6859 035 $a(DE-599)ZDB3098466-X 035 $a(OCoLC)1084975087 035 $a(CONSER) 2019200882 035 $a(CKB)5140000000022389 035 $a(DE-599)3098466-X 035 $a(EXLCZ)995140000000022389 100 $a20190208a20189999 uy a 101 0 $aeng 135 $aur||||||||||| 181 $ctxt$2rdacontent 182 $cc$2rdamedia 183 $acr$2rdacarrier 200 00$aAdvances in orthopaedics and sports medicine 210 1$aHarrison, New Jersey :$cKosmos Publishers,$d2018- 517 1 $aAdvances in orthopaedics & sports medicine 517 1 $aAOASM 531 0 $aAdv. orthop. sports med. 676 $a617.1027 801 0$bDLC 801 1$bDLC 906 $aJOURNAL 912 $a9910892267503321 996 $aAdvances in orthopaedics and sports medicine$94268209 997 $aUNINA